000 00549cam a2200217ua 4500
020 _c9.60
041 _aeng
_h
082 _a537
_bSTA/EL
100 _aStarlling, S.G .
245 _aElectricity and magnetism for degree students /
_cS.G.Starling.
_hTextual Documents
250 _a8 /
_b.
260 _aLondon :
_bThe English Language book society ,
_c1962.
300 _a650 ; .
365 _a9.60
504 _a
942 _cBK
999 _c11110
_d11110